000 00781nam a2200229 a 4500
001 41229
003 BD-RjUL
005 20211209053342.0
008 160517s1964 bg ||||| |||| 00| 0 ben d
020 _cTk. 1.50
035 _a(BD-RjUL)41345
040 _aBD-RjUL
_bben
_cBD-RjUL
_dBD-RjUL
041 _aben
082 _223
_a920
_bAHS 1964
100 _aআহমদ, বেগম জেবু
_9126832
245 1 0 _aস্মরনীয় বরণীয় যাঁরা /
_cবেগম জেবু আহমদ
260 _aঢাকা :
_bবাংলা একাডেমী,
_c১৯৬৪ (১৩৭১)
300 _a[৬], ১০৬ পৃ. ;
_c২৩ সেমি.
650 _aজীবনী
_9126833
650 _aAutobiography
_9126834
942 _2ddc
_cBK
999 _c41229
_d41229